LEADER 00936nam a2200253 i 4500 001 991003359829707536 005 20020503190904.0 008 000908s1964 it ||| | ita 035 $ab10494315-39ule_inst 035 $aEXGIL119472$9ExL 040 $aBiblioteca Interfacoltà$bita 082 0 $a111 100 1 $aMancini, Italo$0152479 245 10$aLinguaggio e salvezza /$cItalo Mancini 260 $aMilano :$bVita e pensiero,$c1964 300 $aXIII, 373 p. ;$c24 cm. 490 0 $aPubblicazioni dell'Università cattolica del Sacro Cuore, Contributi. Ser. 3, Scienze filosofiche ;$v8 650 4$aOntologia 907 $a.b10494315$b21-02-17$c27-06-02 912 $a991003359829707536 945 $aLE002 Fil. VIII L 13$g1$i2002000528162$lle002$o-$pE0.00$q-$rl$s- $t0$u0$v0$w0$x0$y.i10570469$z27-06-02 996 $aLinguaggio e salvezza$9156845 997 $aUNISALENTO 998 $ale002$b01-01-00$cm$da $e-$fita$git $h0$i1 LEADER 01233nam a22002771i 4500 001 991002460609707536 005 20030827083618.0 008 030925s1962 gw |||||||||||||||||ger 035 $ab12292084-39ule_inst 035 $aARCHE-033965$9ExL 040 $aBiblioteca Interfacoltà$bita$cA.t.i. Arché s.c.r.l. Pandora Sicilia s.r.l. 082 04$a230.044 100 1 $aLuther, Martin$0127546 245 10$aAn den christlichen Adel deutscher Nation ; Von der Freiheit eines Christenmenschen ; Sendbrief von Dolmetschen /$cMartin Luther ; mit einer kurzen Biographie und einem Nachwort hrsg. von Ernest Kähler 250 $a2., durchgesehene Aufl. 260 $aStuttgart :$bPhilipp Reclam jun.,$c1962 300 $a174 p. ;$c16 cm 440 0$aUniversal Bibliothek 650 4$aLutero, Martin 700 1 $aKahler, Ernst 907 $a.b12292084$b02-04-14$c08-10-03 912 $a991002460609707536 945 $aLE002 Busta C 78/9$g1$i2002000787576$lle002$o-$pE0.00$q-$rl$s- $t0$u0$v0$w0$x0$y.i12686086$z08-10-03 996 $aAn den christlichen Adel deutscher Nation ; Von der Freiheit eines Christenmenschen ; Sendbrief von Dolmetschen$9164008 997 $aUNISALENTO 998 $ale002$b08-10-03$cm$da $e-$fger$ggw $h0$i1